00549nam a2200205 a 4500001001300000003000900013005001700022008004100039020001000080082001800090100002100108245006200129260003600191300000900227500003500236505001000271650002500281650001600306700002100322nice12345678IN_TiNIC20260116012838.0050524s1991 newa grp 000 0 eng  ac15000a954.5487bFER aFernandes, Praxy aTigers of Mysoreb Biography of Hyder Ali and Tipu Sultan aNew DelhibPenguin Books c1991 a248p aincludes index and biblioraphy2 aIndex aIndia-History Mysore aTipu Sultan1 aFernandes, Praxy